000 00435nam a22001577a 4500
003 LK-CoMWRAF
005 20231120143520.0
008 231120b |||||||| |||| 00| 0 eng d
040 _aLK-CoMWRAF
_dLK-CoMWRAF
_eLK-CoMWRAF
041 _aeng
082 _a808.3
_bWRI
245 _aWriting for pleasure and profit :
_bHow you can be successful writer
300 _aAustralia :
_bWriting school,
650 _aWriting skills
942 _cBK
999 _c4166
_d4166